| Tag |
First Indicator |
Second Indicator |
Subfields |
| LEADER |
00000cam a22000008a 4500 |
| 001 |
in00001237762 |
| 005 |
20151003071907.0 |
| 008 |
950118s1995 nyu b 001 0 eng |
| 010 |
|
|
|a 95000869
|
| 020 |
|
|
|a 0070480273
|
| 035 |
|
|
|a (OCoLC)31970781
|
| 035 |
|
|
|9 AGT5388AM
|
| 040 |
|
|
|a DLC
|c DLC
|d UtOrBLW
|
| 049 |
|
|
|a TXAM
|
| 050 |
0 |
0 |
|a T57.95
|b .M35 1995
|
| 082 |
0 |
0 |
|a 658.4/033
|2 20
|
| 100 |
1 |
|
|a Marshall, Kneale T.
|
| 245 |
1 |
0 |
|a Decision making and forecasting :
|b with emphasis on model building and policy analysis /
|c Kneale T. Marshall, Robert M. Oliver.
|
| 263 |
|
|
|a 9504
|
| 264 |
|
1 |
|a New York :
|b McGraw-Hill,
|c [1995]
|
| 264 |
|
4 |
|c ©1995
|
| 300 |
|
|
|a xviii, 407 pages :
|b illustrations
|
| 336 |
|
|
|a text
|b txt
|2 rdacontent
|
| 337 |
|
|
|a unmediated
|b n
|2 rdamedia
|
| 338 |
|
|
|a volume
|b nc
|2 rdacarrier
|
| 490 |
1 |
|
|a McGraw-Hill series in industrial engineering and management science
|
| 504 |
|
|
|a Includes bibliographical references and index.
|
| 650 |
|
0 |
|a Decision making
|x Mathematical models.
|
| 650 |
|
0 |
|a Operations research.
|
| 700 |
1 |
|
|a Oliver, Robert M.
|
| 830 |
|
0 |
|a McGraw-Hill series in industrial engineering and management science.
|
| 999 |
|
|
|a MARS
|
| 999 |
f |
f |
|s 0283aa27-e9a0-3f75-9b53-ec384d16c0a2
|i 83ecdcc1-d983-3a3a-9c94-1a96351c44a2
|t 0
|
| 952 |
f |
f |
|p ric
|a Texas A&M University
|b Rellis Campus
|c Joint Library Facility
|d Remote Storage
|t 0
|e T57.95 .M35 1995
|h Library of Congress classification
|i unmediated -- volume
|m A14819713942
|
| 998 |
f |
f |
|a T57.95 .M35 1995
|t 0
|l Remote Storage
|